000 00848cam a2200277 a 4500
999 _c4296
_d4296
001 1123000
003 OSt
005 20250205125506.0
008 231002s2014 enka b 000 1 eng d
020 _a9780750280532
_q(pbk.)
020 _z9780750280549
_q(ebook)
040 _aKB
_cKB
_dPTTCL
042 _anbic
050 4 _aPZ7.1.P448
_bCo 2014
082 0 _a823.914
_b.P481
100 1 _aPeters, Andrew
_q(Andrew Fusek)
240 1 0 _aColour thief.
245 1 4 _aThe color thief :
_ba family's story of depression /
_cAndrew Fusek Peters & Polly Peters ; illustrated by Karin Littlewood.
260 _aLondon :
_bWayland,
_c2014.
300 _a1 v. (unpaged) :
_bcol. ill. ;
_c28 cm.
650 1 _aDepression, Mental
_vFiction.
650 1 _aFathers
_vFiction.
700 1 _aPeters, Polly.
700 1 _aLittlewood, Karin.
942 _2ddc
_cFIC